Evacuation Transport Provision Design Using Network Analysis with Gis Support
Výskum prezentovaný v článku sa zameral na návrh evakuačnej dopravy počas mimoriadnej povodne spôsobenej haváriou na vodnom diele s využitím sieťovej analýzy s využitím GIS. Na výpočet počtu ohrozených obyvateľov boli použité voľne dostupné údaje o populácii a adresných bodoch. Tri scenáre času potr...
Guardado en:
| Autor principal: | |
|---|---|
| Otros Autores: | , , , , |
| Formato: | Capítulo de libro |
| Lenguaje: | inglés |
| Materias: | |
| Etiquetas: |
Sin Etiquetas, Sea el primero en etiquetar este registro!
|
MARC
| LEADER | 00000naa a2200000 4500 | ||
|---|---|---|---|
| 001 | 0315596 | ||
| 005 | 20260326123756.1 | ||
| 041 | 0 | |a eng | |
| 044 | |a SK | ||
| 245 | 1 | 0 | |a Evacuation Transport Provision Design Using Network Analysis with Gis Support |c Jozef Kubás, Jozef Ristvej, Boris Kollár, Katarína Petrlová, Alexandra Trličíková, Kateřina Blažková |
| 520 | |a Výskum prezentovaný v článku sa zameral na návrh evakuačnej dopravy počas mimoriadnej povodne spôsobenej haváriou na vodnom diele s využitím sieťovej analýzy s využitím GIS. Na výpočet počtu ohrozených obyvateľov boli použité voľne dostupné údaje o populácii a adresných bodoch. Tri scenáre času potrebného na každú evakuačnú činnosť boli určené pomocou metódy PERT a čas potrebný na evakuáciu bol určený pomocou Ganttovho diagramu. Prístup navrhnutý v článku je vhodný na dosiahnutie relatívne rýchlych výsledkov, ktoré je možné zohľadniť pri príprave na krízové udalosti. Výsledky prípadovej štúdie dokázali, že evakuáciu je možné vykonať v potrebnom čase, ale odhalili aj možné nedostatky navrhovaného prístupu. Tieto nedostatky sú diskutované spolu s možnými alternatívnymi riešeniami a ďalšími faktormi ovplyvňujúcimi proces plánovania evakuácie. | ||
| 610 | 2 | 0 | |a doprava |
| 610 | 2 | 0 | |a havárie |
| 610 | 2 | 0 | |a obyvateľstvo |
| 610 | 2 | 0 | |a analýzy |
| 610 | 2 | 0 | |a siete cestné |
| 610 | 2 | 0 | |a povodne |
| 100 | 1 | |a Kubás, Jozef | |
| 700 | 1 | |a Ristvej, Jozef | |
| 700 | 1 | |a Kollár, Boris | |
| 700 | 1 | |a Petrlová, Katarína | |
| 700 | 1 | |a Trličíková, Alexandra | |
| 700 | 1 | |a Blažková, Kateřina | |